000 01406nam a2200289 i 4500
003 DO-SdBNP
005 20250409121251.0
007 ta
008 250409b2024 dr a|||| |||| 00| 0 spa d
020 _a9789945945461
040 _aDO-SdBNP
_bspa
_cBNPHU
_erda
041 _aspa
082 4 _a0
_bS211n
_222
100 1 _aSánchez, Clara,
_eautor
_4aut.
_922250
245 1 0 _aNoling, el gorrión chino /
_cClara Sánchez ; diseño, diagramación, ilustraciones interiores y recreación de imágenes de época, Carlos H. Buzón.
264 4 _aSanto Domingo, República Dominicana :
_bEditores Río De Oro,
_c©2024.
300 _a155 páginas :
_bilustraciones ;
_c22 cm.
336 _atexto
_btxt
_2rdacontent
337 _asin mediación
_bn
_2rdamedia
338 _avolumen
_bnc
_2rdacarrier
490 0 _aColección Logos
500 _aIncluye datos biográficos de l autora en la solapa de la cubierta.
505 _aPresentación, 13.-- Noling, el gorrión chino de Clara Sánchez, 17.-- Noling, el gorrión, 21.-- Yunnan, Xung Xet, la huida, 45.-- Los orígenes de Noling, 65.-- El gran salto adelante... ¿o al vacío?, 72.-- La trágica muerte de Ming, 87.-- En la República Dominicana, 107.-- Un alma libre, 117.-- Cavilaciones, 129.-- Noling y Saraí, 142.-- Epílogo, 153.
590 _aInventariado, 2025 /LP
700 1 _aBuzón, Carlos H.,
_eilustrador
_4il.
_987402
942 _2ddc
_cLBS1
999 _c58690
_d58690